| 000 | 00546pam a2200193 a 4500 | ||
|---|---|---|---|
| 020 |
_a9780781746366 _c14215.40 |
||
| 041 |
_aeng _hNULL |
||
| 082 |
_a617.15 _bBUC/HEC |
||
| 100 | _aBUCHOZR, R . | ||
| 245 |
_aROCKWOOD AND GREEN`S FRACTURESIN ADULTS VOL-1 (WITH 2 CD) / _cNULL. _hTextual Documents |
||
| 250 |
_a6 / _b. |
||
| 260 |
_aNULL : _bLIPPINCOTT WILLIAMS & WILKINS , _c2006. |
||
| 300 |
_a1255 : _bXVII ; _cA4 . |
||
| 365 | _a14215.40 | ||
| 700 | _aHECKMAN, J . | ||
| 930 | _a2685 | ||
| 999 |
_c797220 _d797220 |
||
| 650 | _aORTHO | ||